000 00804 a2200241 4500
005 20260407125105.0
008 260407b |||||||| |||| 00| 0 eng d
020 _a978-81-988857-9-1
037 _cTB
040 _aCRL
_cCRL
041 _2eng
_aeng
084 _aV2-97:1942.P3 R5
_qCRL
100 _aWalia, Simran
_91113222
245 _aBalancing the rising tides Japan's indo-pacific trajectory:
_bgeopolitical shifts, strategic partnerships and national vision
260 _aNew Delhi, India:
_bKW Publishers,
_c2025.
300 _a140p.
365 _b1080
_cINR
650 _aIndia-Foreign Relations
650 _aIndia-History
650 _aHistory
942 _cTB
_2CC
_hV2-97:1942.P3 R5
999 _c1678525
_d1678525